Театърът теория и практика (Запис номер 326241)
[ съкратено ]
| 000 -Лидер | |
|---|---|
| Контролно поле с фиксирана дължина | nam a22 a 4500 |
| 003 - Код на организацията, давaща контролен номер | |
| Контролно поле | BLK |
| 005 - Дата и час на последна редакция | |
| Контролно поле | 20181122155315.0 |
| 008 - Елементи от данни с фиксирана дължина | |
| fixed length control field | 181114b bu ||||| |||| 00| 0 bu d |
| 020 ## - Международен стандартен номер на книга ISBN | |
| Международен стандартен номер на книга ISBN | 978-619-01-0169-7 |
| 040 ## - Източник на каталожния запис | |
| Идентификатор на билиотеката - собственик на записа | BLK |
| 041 ## - Код за език | |
| Код за езика на текст/звукозапис или на отделно заглавие | Български |
| Код за езика КДБФ | Български |
| 080 ## - УДК | |
| Текстов определител УДК | Драматични театри. Театри за драма и комедия. Вж и 82-2 |
| УДК код - определител по УДК | 792.2 |
| УДК определител | .071.2(470)(092) |
| УДК - код + определител | 792.2.071.2(470)(092) |
| 080 ## - УДК | |
| Текстов определител УДК | Драматични театри. Театри за драма и комедия. Вж и 82-2 |
| УДК код - определител по УДК | 792.2 |
| УДК определител | .03(470) |
| УДК - код + определител | 792.2.03(470) |
| 100 ## - Редна дума - Автор | |
| R(LIN) | 390674 |
| Автор | Майерхолд, Всеволод Емилович |
| Авторска отговорност | първи автор |
| 139 ## - Редно поле | |
| Редна дума | Майерхолд, Всеволод Емилович |
| Авторски знак | Ма - М 12 |
| 245 ## - Сведения за заглавието | |
| Заглавие | Театърът теория и практика |
| 246 ## - Различни форми на заглавието | |
| Паралелно заглавие | Театърът. Теория и практика |
| 260 ## - Област на издателските данни | |
| 9 (RLIN) | 210881 |
| Място на издаване, разпространение и проч. | София |
| Име на издателя, разпространителя и проч. | Изток-Запад |
| Година на издаване | 2018 |
| 300 ## - Физическа характеристика | |
| Страници | 576 с. |
| Размери/Мащаб | 23 см |
| 380 ## - Жанр | |
| Жанр | Изкуство |
| 490 ## - СЕРИИ (Колекции) | |
| 9 (RLIN) | 208485 |
| Име на серия | Библиотека Тезаурус |
| 500 ## - Общи забележки | |
| Забележка | Прев. по: Статьи, письма, рече, беседы / В. Э. Мейерхольд<br/>Загл. на предзагл. с.: Театърът. Теория и практика<br/>Да създаваш, когато разрушаваш / Владимир Игнатовски |
| 650 #7 - Допълнително описание по предмет – тема | |
| 9 (RLIN) | 173254 |
| Основно описание – тема или топоним | Театър |
| 653 #7 - Ключова дума – ненормативна | |
| 9 (RLIN) | 181990 |
| Ключова дума | биографии |
| 653 #7 - Ключова дума – ненормативна | |
| 9 (RLIN) | 195884 |
| Ключова дума | Русия |
| 700 ## - Други автори (авторска отговорност) | |
| 9 (RLIN) | 966 |
| Лично име | Игнатовски, Владимир |
| Автороска отговорност (Описва отношението между автора и произведението) | прев. |
| 700 ## - Други автори (авторска отговорност) | |
| 9 (RLIN) | 390420 |
| Лично име | Силвия Кавданска |
| Автороска отговорност (Описва отношението между автора и произведението) | кор. |
| 700 ## - Други автори (авторска отговорност) | |
| 9 (RLIN) | 639 |
| Лично име | Козарев, Любен Илиев |
| Автороска отговорност (Описва отношението между автора и произведението) | компютърна обраб. |
| 700 ## - Други автори (авторска отговорност) | |
| 9 (RLIN) | 755 |
| Лично име | Марио Йорданов |
| Автороска отговорност (Описва отношението между автора и произведението) | оформление |
| 852 ## - Местоположение | |
| Форматна сигнатура | Цб 291612 |
| Фондова буква | Хранилище |
| 999 ## - СИСТЕМНИ КОНТРОЛНИ НОМЕРА | |
| Koha biblionumber | 326241 |
| Koha biblioitemnumber | 326241 |
| 942 ## - АРТИКУЛИ | |
| Вид на библиотечния материал | Книги |
| Скрит в OPAC | Не |
| 944 ## - СЪЗДАВАНЕ И РЕДАКЦИЯ на ЗАПИСА | |
| Създаване/Редакция | Създаване |
| Дата на регистрацията/редакция | 2018-11-14 |
| Служител, извършил регистрацията/редакцията | Кристиан Велковски |
| Статус, дата на статуса | 2018-11-14 |
| 999 ## - СИСТЕМНИ КОНТРОЛНИ НОМЕРА | |
| Koha biblioitemnumber | 326241 |
| 999 ## - СИСТЕМНИ КОНТРОЛНИ НОМЕРА | |
| Koha biblioitemnumber | 326241 |
| Код за отписване | Код за изгубен артикул | Източник на класификационната схема | Код за повреда | Коз за рестрикции | Код за отдаване | Артикулен № | Име на библиотеката - собственик | Име на библиотеката, в която се намира в момента | Статус (Текущо местоположение) | Дата на вписване в системата | Местоположение - отдел | Цена в лева | Систематично азбучна сигнатура | Баркод | Цена в евро | Служебен тип на артикула |
|---|---|---|---|---|---|---|---|---|---|---|---|---|---|---|---|---|
| Не е изгубен | Universal Decimal Classification | Не е повреден | без рестрикции | ползва се в читалня | 682588 | Регионална библиотека "Любен Каравелов" Русе | Регионална библиотека "Любен Каравелов" Русе | Хранилище | 2018-11-22 | Хранилище | 33.00 | Цб 291612 | 120000825369 | 16.87 | Книги |